Statistics for Lady Antebellum - Just A Kiss Lyrics

Click here to take the quiz!

General Stats

  • This quiz has been taken 34 times
  • The average score is 268 of 314

Answer Stats

Lyric% Correct
a
100%
i
100%
just
100%
kiss
100%
on
100%
the
100%
you
100%
your
100%
do
95%
in
95%
me
95%
my
95%
so
95%
to
95%
be
90%
don't
90%
it
90%
it's
90%
life
90%
lips
90%
never
90%
too
90%
wanna
90%
we
90%
when
90%
whole
90%
been
85%
but
85%
i'm
85%
i've
85%
moonlight
85%
one
85%
this
85%
waiting
85%
want
85%
with
85%
far
80%
for
80%
goodnight
80%
hold
80%
mess
80%
of
80%
that
80%
thing
80%
up
80%
anyone
75%
baby
75%
bright
75%
close
75%
dark
75%
hard
75%
here
75%
love
75%
might
75%
push
75%
right
75%
smile
75%
take
75%
alright
70%
and
70%
arms
70%
caught
70%
feels
70%
felt
70%
fight
70%
leave
70%
let's
70%
lying
70%
moment
70%
need
70%
no
70%
say
70%
shot
70%
slow
70%
time
70%
touch
70%
breathe
65%
burning
65%
closer
65%
feelings
65%
find
65%
fire
65%
give
65%
holding
65%
know
65%
only
65%
opened
65%
rush
65%
these
65%
us
65%
if
60%
little
60%
oh
60%
tonight
60%
you'll
60%
back
55%
bring
55%
dreams
55%
real
55%
it'll
50%

Score Distribution

Percentile by Number Answered

Percent of People with Each Score

Your Score History

You have not taken this quiz